<?xml version="1.0" encoding="UTF-8"?>
<record
    xmlns:xsi="http://www.w3.org/2001/XMLSchema-instance"
    xsi:schemaLocation="http://www.loc.gov/MARC21/slim http://www.loc.gov/standards/marcxml/schema/MARC21slim.xsd"
    xmlns="http://www.loc.gov/MARC21/slim">

  <leader>03173nam a2200433Ia 4500</leader>
  <controlfield tag="001">308</controlfield>
  <controlfield tag="003">OSt</controlfield>
  <controlfield tag="005">20250326090901.0</controlfield>
  <controlfield tag="008">250325b           ||||e |||| 00| e por d</controlfield>
  <datafield tag="040" ind1=" " ind2=" ">
    <subfield code="b">por</subfield>
  </datafield>
  <datafield tag="041" ind1=" " ind2=" ">
    <subfield code="a">por</subfield>
    <subfield code="h">ger</subfield>
  </datafield>
  <datafield tag="041" ind1=" " ind2=" ">
    <subfield code="a">por</subfield>
    <subfield code="h">fre</subfield>
  </datafield>
  <datafield tag="082" ind1="1" ind2=" ">
    <subfield code="a">149.6</subfield>
    <subfield code="b">S373l</subfield>
  </datafield>
  <datafield tag="082" ind1="1" ind2=" ">
    <subfield code="a">320</subfield>
    <subfield code="b">R865c</subfield>
  </datafield>
  <datafield tag="100" ind1="1" ind2=" ">
    <subfield code="a">Schopenhauer, Arthur,</subfield>
    <subfield code="d">1788-1860</subfield>
    <subfield code="9">605</subfield>
  </datafield>
  <datafield tag="100" ind1="1" ind2=" ">
    <subfield code="a">Rousseau, Jean-Jacques,</subfield>
    <subfield code="d">1712-1778</subfield>
    <subfield code="9">606</subfield>
  </datafield>
  <datafield tag="240" ind1=" " ind2=" ">
    <subfield code="a">&#xDC;ber die freiheit des menschlichen willens ; Du contrat social</subfield>
  </datafield>
  <datafield tag="245" ind1=" " ind2=" ">
    <subfield code="a">O livre arb&#xED;trio  / </subfield>
    <subfield code="c">Schopenhauer, Arthur - </subfield>
  </datafield>
  <datafield tag="245" ind1=" " ind2=" ">
    <subfield code="a"> O Contrato Social  /</subfield>
    <subfield code="c">Rousseau, Jean-Jacques,</subfield>
  </datafield>
  <datafield tag="260" ind1=" " ind2=" ">
    <subfield code="a">Esp&#xED;rito Santo</subfield>
    <subfield code="b">Formar</subfield>
    <subfield code="c">1978</subfield>
  </datafield>
  <datafield tag="300" ind1=" " ind2=" ">
    <subfield code="a">105 p.</subfield>
    <subfield code="b">O Livre Arb&#xED;trio</subfield>
  </datafield>
  <datafield tag="300" ind1=" " ind2=" ">
    <subfield code="a">130 p.</subfield>
    <subfield code="b">O Contrato Social</subfield>
  </datafield>
  <datafield tag="490" ind1="1" ind2=" ">
    <subfield code="a">Grandes Mestres do Pensamento</subfield>
    <subfield code="v">Livro 1</subfield>
  </datafield>
  <datafield tag="490" ind1="1" ind2=" ">
    <subfield code="a">Grandes Mestres do Pensamento</subfield>
    <subfield code="v">Livro 2 </subfield>
  </datafield>
  <datafield tag="500" ind1=" " ind2=" ">
    <subfield code="a">Volume 1 e  2 da Cole&#xE7;&#xE3;o "Grande Mestres do Pensamentos".</subfield>
  </datafield>
  <datafield tag="520" ind1=" " ind2=" ">
    <subfield code="a">Neste ensaio &#x2014; O livre-arb&#xED;trio &#x2014;, o pessimismo de Schopenhauer nos defronta com o problema da liberdade ante a necessidade, da determina&#xE7;&#xE3;o das a&#xE7;&#xF5;es individuais pela conforma&#xE7;&#xE3;o inata e invari&#xE1;vel do car&#xE1;ter do homem, para demonstrar que a liberdade reside no ser, e n&#xE3;o na a&#xE7;&#xE3;o.</subfield>
  </datafield>
  <datafield tag="520" ind1=" " ind2=" ">
    <subfield code="a">Este livro influenciou diretamente a Revolu&#xE7;&#xE3;o Francesa e os rumos da hist&#xF3;ria.

Impactante ensaio, O contrato social ou Princ&#xED;pios de Direito pol&#xED;tico causou furor desde sua publica&#xE7;&#xE3;o, em 1762, e eternizou-se como um dos principais textos fundadores do Estado moderno. Nele, o fil&#xF3;sofo iluminista, romancista, te&#xF3;rico e compositor su&#xED;&#xE7;o Jean-Jacques Rousseau (1712-1778) &#x2013; em meio a uma Europa majoritariamente monar&#xAD;quista, defensora da legitima&#xE7;&#xE3;o sobrenatural dos governantes &#x2013; lan&#xE7;a e defende a novidade de que o poder pol&#xED;tico de uma sociedade est&#xE1; no povo e s&#xF3; dele emana. Estavam plantados os conceitos do povo soberano e da igualdade de direitos entre os homens.



Nesta que &#xE9; a sua principal obra pol&#xED;tica, da qual virtualmente todas as sociedades modernas s&#xE3;o de alguma forma tribut&#xE1;rias, Rousseau n&#xE3;o apenas d&#xE1; ao povo o que lhe &#xE9; de direito, mas chama-o &#xE0; responsabilidade pelo seu destino. "Assim que algu&#xE9;m diz dos assuntos do Estado que me importa? , deve-se contar que o Estado est&#xE1; perdido." Para o autor, a soberania est&#xE1; no exerc&#xED;cio incessante do poder decis&#xF3;rio, que n&#xE3;o pode ser alienado, dividido ou delegado.

Hoje, dois s&#xE9;culos e meio ap&#xF3;s sua publica&#xE7;&#xE3;o, a obra de Rousseau &#x2013; subversivo, pol&#xEA;mico, amado, odiado, reverenciado e seguido &#x2013; permanece atual. E seus ensinamentos se fazem li&#xE7;&#xF5;es necess&#xE1;rias e urgentes em todo e qualquer lugar em que se fale de in&#xE9;pcia, injusti&#xE7;a, corrup&#xE7;&#xE3;o e incompet&#xEA;ncia pol&#xED;tica.
</subfield>
  </datafield>
  <datafield tag="650" ind1=" " ind2="0">
    <subfield code="a">Literatura Alem&#xE3;</subfield>
    <subfield code="9">365</subfield>
  </datafield>
  <datafield tag="650" ind1=" " ind2="0">
    <subfield code="a">Liberdade</subfield>
    <subfield code="9">607</subfield>
  </datafield>
  <datafield tag="650" ind1=" " ind2="0">
    <subfield code="a">Pessimismo</subfield>
    <subfield code="9">608</subfield>
  </datafield>
  <datafield tag="650" ind1=" " ind2="0">
    <subfield code="a">Literatura francesa</subfield>
    <subfield code="9">122</subfield>
  </datafield>
  <datafield tag="650" ind1=" " ind2="0">
    <subfield code="a">Cr&#xED;tica social</subfield>
    <subfield code="9">514</subfield>
  </datafield>
  <datafield tag="650" ind1=" " ind2="0">
    <subfield code="a">Politica</subfield>
    <subfield code="9">138</subfield>
  </datafield>
  <datafield tag="655" ind1=" " ind2="0">
    <subfield code="a">Ensaio</subfield>
    <subfield code="9">417</subfield>
  </datafield>
  <datafield tag="655" ind1=" " ind2="0">
    <subfield code="a">N&#xE3;o Fic&#xE7;&#xE3;o</subfield>
    <subfield code="9">102</subfield>
  </datafield>
  <datafield tag="830" ind1=" " ind2=" ">
    <subfield code="a">Grandes Mestres do Pensamento</subfield>
    <subfield code="9">596</subfield>
    <subfield code="v">vol.1</subfield>
  </datafield>
  <datafield tag="830" ind1=" " ind2=" ">
    <subfield code="a">Grandes Mestres do Pensamento</subfield>
    <subfield code="9">596</subfield>
    <subfield code="v">vol.2</subfield>
  </datafield>
  <datafield tag="942" ind1=" " ind2=" ">
    <subfield code="2">ddc</subfield>
    <subfield code="c">BK</subfield>
  </datafield>
  <datafield tag="952" ind1=" " ind2=" ">
    <subfield code="0">0</subfield>
    <subfield code="1">0</subfield>
    <subfield code="2">ddc</subfield>
    <subfield code="4">0</subfield>
    <subfield code="7">0</subfield>
    <subfield code="a">BIBIB</subfield>
    <subfield code="b">BIBIB</subfield>
    <subfield code="c">PF</subfield>
    <subfield code="d">2025-03-25</subfield>
    <subfield code="l">0</subfield>
    <subfield code="o">149.6 / S373l - 320 / R865c</subfield>
    <subfield code="p">2025-17261</subfield>
    <subfield code="r">2025-03-25 10:06:02</subfield>
    <subfield code="t">Ex. 01 e 02</subfield>
    <subfield code="w">2025-03-25</subfield>
    <subfield code="y">BK</subfield>
  </datafield>
  <datafield tag="999" ind1=" " ind2=" ">
    <subfield code="c">308</subfield>
    <subfield code="d">308</subfield>
  </datafield>
</record>
